LEADER 01051nam2 2200313 i 450 001 RAV0205114 005 20231121125638.0 010 $a8804356782 020 $aIT$b94-9298 100 $a20200406d1992 ||||0itac50 ba 101 | $aita 102 $ait 181 1$6z01$ai $bxxxe 182 1$6z01$an 200 0 $a1 210 $aMilano$cA. Mondadori$d1992 215 $aLII, 1276 p.$d18 cm 300 $aIn custodia. 461 1$1001RAV0205113$12001 $aOpere$fHenry Miller$ga cura di Guido Almansi$v1 676 $a813.52$9Narrativa americana in lingua inglese, 1900- 1945$v21 700 1$aMiller$b, Henry$f <1891-1980>$3CFIV011639$4070$0193042 801 3$aIT$bIT-01$c20200406 850 $aIT-FR0017 899 $aBiblioteca umanistica Giorgio Aprea$bFR0017 $eN 912 $aRAV0205114 950 2$aBiblioteca umanistica Giorgio Aprea$d 52MAG 5 Coll C 66.1$e 52FLS0000166015 VMB RS $fA $h20200406$i20200406 977 $a 52 996 $a1$93615896 997 $aUNICAS